| 000 | 00608nam a22001695i 4500 | ||
|---|---|---|---|
| 001 | 160592 | ||
| 003 | ES-MaACL | ||
| 005 | 20230906212101.0 | ||
| 008 | 040929s1899 sz |||| | fre d | ||
| 040 |
_aCAM _bspa _cCAM |
||
| 100 | 1 |
_aNaville, Edouard. _9130429 |
|
| 245 | 1 | 3 |
_aLa question du Transvaal / _cpar Edouard Naville. |
| 260 |
_aGenève : _b[s.n.], _c1899 ( _fImprimerie Suisse) |
||
| 300 |
_a31 p. ; _c21 cm. |
||
| 651 | 4 |
_aTransvaal- _xHistoria- _y1880-1910. _9147776 |
|
| 852 |
_aES-MaACL _jT-917-F-2 _z-- Enc. hol., conservando la cub. original _z-- Donativo Luchesi _z-- Enc. en un vol. facticio |
||
| 999 |
_c160592 _d160592 |
||